| 000 | 00764cam a22002653a 4500 | ||
|---|---|---|---|
| 001 | 17124 | ||
| 003 | PGUSA | ||
| 005 | 20140828083350.0 | ||
| 008 | 051121s2005||||xxu|||||s|||||000 | eng d | ||
| 040 |
_aPGUSA _beng |
||
| 042 | _adc | ||
| 050 | 4 | _aG | |
| 100 | 1 |
_aButler, Samuel, _d1774-1839 |
|
| 245 | 1 | 4 |
_aThe Atlas of Ancient and Classical Geography _h[electronic resource] / _cSamuel Butler |
| 260 |
_bProject Gutenberg, _c2005 |
||
| 506 | _aPublic domain in the USA. | ||
| 516 | _aElectronic text | ||
| 653 | _aGeography, Ancient -- Maps | ||
| 653 | _aClassical geography -- Maps | ||
| 653 | _aAtlases | ||
| 700 | 1 |
_aRhys, Ernest, _d1859-1946 |
|
| 830 | 0 |
_aProject Gutenberg _v17124 |
|
| 856 | 4 | 0 | _uhttp://www.gutenberg.org/ebooks/17124 |
| 942 | _cEB | ||
| 999 |
_c246379 _d246379 |
||